Wpisz nazwy miast USA mając podane ich przydomek sportowy - Statystyki

Ogólne statystyki
  • Ten quiz został rozwiązany 432 razy
  • Średni wynik to 22 z 59
Statystyki odpowiedzi
Nazwy Odpowiedź % Poprawnych
Bulls Chicago
98%
Lakers/Clippers Los Angeles
91%
Heat Miami
90%
Celtics Boston
84%
Wizards Washington
78%
Magic Orlando
76%
Hawks Atlanta
74%
Mavericks Dallas
74%
Spurs San Antonio
72%
Raptors Toronto
72%
Rockets Houston
71%
76ers Philadelphia
71%
Suns Phoenix
71%
Cavaliers Cleveland
68%
Nuggets Denver
65%
Pacers Indiana
62%
Knicks New York
61%
Pistons Detroit
60%
Blazers Portland
58%
Grizzlies Memphis
57%
Hornets Charlotte
51%
Thunder Oklahoma City
48%
Nets New York
47%
Kings(w NBA) Sacramento
47%
Pelicans New Orleans
46%
Bucks Milwaukee
40%
Capitals Washington
35%
Jazz Salt Lake City
28%
Maple Leafs Toronto
28%
Timberwolves Minneapolis
26%
Bruins Boston
25%
Islanders/Rangers New York
25%
Canadiens Montreal
21%
Senators Ottawa
20%
Warriors Oakland
19%
Blackhawks Chicago
18%
Flyers Philadelphia
18%
Lightning Tampa
18%
Oilers Edmonton
17%
Kings(w NHL) Los Angeles
17%
Penguins Pittsburgh
17%
Red Wings Detroit
15%
Sharks San Jose
15%
Stars Dallas
14%
Blues Saint Louis
14%
Canucks Vancouver
14%
Ducks Anaheim
12%
Flames Calgary
12%
Predators Nashville
12%
Sabres Buffalo
11%
Blue Jackets Columbus
11%
Jets Winnipeg
8%
Avalanche Denver
7%
Devils Newark
2%
Hurricanes Raleigh
2%
Wild Saint Paul
2%
Coyotes Glendale
1%
Golden Knights Paradise
1%
Panthers Sunrise
1%
Nie znaleziono quizów pasujących do podanych kryteriów
Rozkład punktacji
Procent ludzi z każdym wynikiem
Percentyl według liczby udzielonych odpowiedzi
Twoja historia wyników
Nie rozwiązałeś tego quizu